000 00354 a2200157 4500
001 57365
020 _a8526251317
040 _cAnchieta - Pituba
100 _aViana, Vivina de Assis
240 1 0 _aO mundo é pra ser voado
_lpor
245 1 0 _aO mundo é pra ser voado
300 _a58
362 0 _a2004
650 4 _aLiteratura juvenil
942 _cBK
999 _c57365
_d57365